[Event "Hastings Premier 1986/87 62nd"]
[Site "Hastings, Queen's Hotel"]
[Date "1986.12.29"]
[Round "1"]
[White "Gufeld, Eduard"]
[Black "Large, Peter G"]
[Result "0-1"]
[WhiteElo "2480"]
[BlackElo "2370"]
[PlyCount "118"]
[EventDate "1986.12.29"]
[EventType "tourn"]
[EventRounds "13"]
[EventCountry "ENG"]
[EventCategory "10"]
[SourceTitle "Britbase"]

1. e4 e5 2. Nf3 Nc6 3. Bb5 a6 4. Ba4 Nf6 5. O-O Be7 6. Re1 b5 7. Bb3 d6 8. c3
O-O 9. h3 Na5 10. Bc2 c5 11. d4 Qc7 12. Nbd2 cxd4 13. cxd4 Bd7 14. Nf1 Rac8 15.
Ne3 Nc6 16. a3 Nxd4 17. Nxd4 exd4 18. Qxd4 d5 19. e5 Bc5 20. Qf4 Rfe8 21. Nf1
Ne4 22. Be3 Bxe3 23. Nxe3 Qxe5 24. Qxe5 Rxe5 25. Red1 Nf6 26. Bb3 Be6 27. Rd3
g5 28. Rad1 Rc5 29. Rd4 Kf8 30. Kf1 Ke7 31. Nc2 a5 32. Ne1 Re4 33. R4d2 Rc7 34.
Nc2 Rf4 35. Kg1 a4 36. Ba2 Ne4 37. Re2 Rxf2 38. Rxf2 Nxf2 39. Rd2 Ne4 40. Re2
Ng3 41. Rd2 Ne4 42. Re2 g4 43. Bb1 b4 44. Re1 bxa3 45. Nxa3 g3 46. Bc2 Rb7 47.
Bxe4 dxe4 48. Re2 Rd7 49. Kf1 Rd1+ 50. Re1 Rxe1+ 51. Kxe1 f5 52. Nb5 Kf6 53.
Nc3 Ke5 54. Nxa4 f4 55. Nc5 Bc4 56. b3 Bb5 57. Kd2 f3 58. gxf3 exf3 59. Ke3 f2
0-1

[Event "Hastings Premier 1986/87 62nd"]
[Site "Hastings, Queen's Hotel"]
[Date "1986.12.29"]
[Round "1"]
[White "Petursson, Margeir"]
[Black "Conquest, Stuart"]
[Result "1/2-1/2"]
[WhiteElo "2510"]
[BlackElo "2430"]
[PlyCount "88"]
[EventDate "1986.12.29"]
[EventType "tourn"]
[EventRounds "13"]
[EventCountry "ENG"]
[EventCategory "10"]
[SourceTitle "Britbase"]

1. d4 Nf6 2. Nf3 g6 3. c4 Bg7 4. Nc3 d5 5. cxd5 Nxd5 6. e4 Nxc3 7. bxc3 c5 8.
Rb1 O-O 9. Be2 cxd4 10. cxd4 Qa5+ 11. Qd2 Qxd2+ 12. Bxd2 b6 13. Rc1 Bb7 14. Bd3
Rd8 15. Be3 Nc6 16. d5 Nb4 17. Bb1 Ba6 18. Nd4 e6 19. a3 Nd3+ 20. Bxd3 Bxd3 21.
Nc6 Rd7 22. dxe6 fxe6 23. e5 Rc7 24. f3 Bb5 25. Nd4 Rxc1+ 26. Bxc1 Bc4 27. f4
Rd8 28. Nc6 Rd7 29. Kf2 g5 30. Be3 gxf4 31. Bxf4 Bf8 32. Rc1 b5 33. Rc3 Rf7 34.
g3 Bc5+ 35. Ke1 Bb6 36. Be3 Rf1+ 37. Kd2 Rh1 38. Bxb6 Rxh2+ 39. Ke3 axb6 40.
Ne7+ Kg7 41. Nc8 Re2+ 42. Kd4 Rd2+ 43. Ke3 Re2+ 44. Kd4 Rd2+ 1/2-1/2

[Event "Hastings Premier 1986/87 62nd"]
[Site "Hastings, Queen's Hotel"]
[Date "1986.12.30"]
[Round "2"]
[White "Chandler, Murray G"]
[Black "Petursson, Margeir"]
[Result "1/2-1/2"]
[WhiteElo "2565"]
[BlackElo "2510"]
[PlyCount "71"]
[EventDate "1986.12.29"]
[EventType "tourn"]
[EventRounds "13"]
[EventCountry "ENG"]
[EventCategory "10"]
[SourceTitle "Britbase"]

1. e4 c5 2. Nf3 d6 3. d4 cxd4 4. Nxd4 Nf6 5. Nc3 g6 6. Be3 Bg7 7. f3 O-O 8. Qd2
Nc6 9. Bc4 Bd7 10. O-O-O Rc8 11. Bb3 Ne5 12. h4 h5 13. Bg5 Rc5 14. Kb1 b5 15.
g4 a5 16. Bxf6 Bxf6 17. gxh5 a4 18. hxg6 axb3 19. Nxb3 Rxc3 20. gxf7+ Kxf7 21.
Qxc3 Nc4 22. Nd4 Qb6 23. Qd3 Qxd4 24. Qxd4 Bxd4 25. Rxd4 Kg6 26. a4 e5 27. Rd3
bxa4 28. Kc1 Ra8 29. Rg1+ Kh6 30. Rg5 Ra6 31. Rg8 Be6 32. Rd8 a3 33. bxa3 Kg6
34. Re8 Bf7 35. Rc8 Nxa3 36. Kd2 1/2-1/2

[Event "Hastings Premier 1986/87 62nd"]
[Site "Hastings, Queen's Hotel"]
[Date "1986.12.30"]
[Round "2"]
[White "Larsen, Bent"]
[Black "Hodgson, Julian"]
[Result "1/2-1/2"]
[WhiteElo "2565"]
[BlackElo "2500"]
[PlyCount "59"]
[EventDate "1986.12.29"]
[EventType "tourn"]
[EventRounds "13"]
[EventCountry "ENG"]
[EventCategory "10"]
[SourceTitle "Britbase"]

1. g3 e5 2. c4 Nc6 3. Bg2 g6 4. Nc3 Bg7 5. d3 d6 6. Rb1 h5 7. Nf3 Nge7 8. b4
Nf5 9. h4 O-O 10. O-O Nfd4 11. Ng5 Rb8 12. Be3 Bg4 13. Qd2 Nf5 14. Nd5 Nxe3 15.
fxe3 f6 16. Ne4 f5 17. Ng5 Qd7 18. Rf2 Rbe8 19. Rbf1 Bf6 20. e4 Qd8 21. exf5
gxf5 22. Bf3 Nd4 23. Bxg4 hxg4 24. e3 Bxg5 25. hxg5 Nf3+ 26. Rxf3 gxf3 27. Nf6+
Rxf6 28. gxf6 Qxf6 29. Rxf3 Qg6 30. e4 1/2-1/2

[Event "Hastings Premier 1986/87 62nd"]
[Site "Hastings, Queen's Hotel"]
[Date "1986.12.31"]
[Round "3"]
[White "Conquest, Stuart"]
[Black "Chandler, Murray G"]
[Result "0-1"]
[WhiteElo "2430"]
[BlackElo "2565"]
[PlyCount "102"]
[EventDate "1986.12.29"]
[EventType "tourn"]
[EventRounds "13"]
[EventCountry "ENG"]
[EventCategory "10"]
[SourceTitle "Britbase"]

1. d4 Nf6 2. c4 e6 3. g3 d5 4. Nf3 Bb4+ 5. Bd2 Be7 6. Bg2 O-O 7. O-O c6 8. b3
b6 9. Bc3 Bb7 10. Nbd2 c5 11. Ne5 Nbd7 12. Rc1 Rc8 13. e3 Rc7 14. Qe2 Qa8 15.
Nxd7 Rxd7 16. dxc5 bxc5 17. Bxf6 Bxf6 18. cxd5 Bxd5 19. Bxd5 Qxd5 20. Rc2 Rfd8
21. Rfc1 Qf5 22. Kg2 h5 23. h4 Be7 24. Nc4 Qd5+ 25. Qf3 Bf8 26. Nb2 Qe5 27. Qe2
Qe4+ 28. Kh2 g6 29. Na4 Rd3 30. Nb2 R3d7 31. Nc4 Rd3 32. Rd2 Rxd2 33. Nxd2 Qf5
34. Nc4 Bg7 35. Kg2 Qd5+ 36. Qf3 Qd3 37. Qf4 Qd5+ 38. Qf3 Qd3 39. Re1 Bc3 40.
Rc1 Bg7 41. Na5 Rd5 42. Nc6 Bf8 43. Rc4 Qb1 44. Ra4 Qe1 45. Kh2 Bd6 46. e4 Rd2
47. Kg2 Rd1 48. Kh3 Rd3 49. Qg2 Rd2 50. e5 Rxf2 51. Qxf2 Qxf2 0-1

[Event "Hastings Premier 1986/87 62nd"]
[Site "Hastings, Queen's Hotel"]
[Date "1986.12.31"]
[Round "3"]
[White "Mestel, A Jonathan"]
[Black "Kudrin, Sergey"]
[Result "1-0"]
[WhiteElo "2505"]
[BlackElo "2495"]
[PlyCount "58"]
[EventDate "1986.12.29"]
[EventType "tourn"]
[EventRounds "13"]
[EventCountry "ENG"]
[EventCategory "10"]
[SourceTitle "Britbase"]

1. e4 c5 2. Nf3 d6 3. d4 cxd4 4. Nxd4 Nf6 5. Nc3 g6 6. Be3 Bg7 7. f3 Nc6 8. Qd2
O-O 9. Bc4 Bd7 10. O-O-O Ne5 11. Bb3 Rc8 12. h4 h5 13. Bg5 Rc5 14. Kb1 b5 15.
g4 a5 16. Bxf6 Bxf6 17. gxh5 a4 18. Bd5 e6 19. hxg6 exd5 20. h5 Rxc3 21. bxc3
Bg5 22. f4 Bh6 23. Rdg1 Qe7 24. Qg2 Bxf4 25. g7 Rb8 26. h6 Ng6 27. Nf5 Bxf5 28.
exf5 Qe5 29. fxg6 f5 1-0

[Event "Hastings Premier 1986/87 62nd"]
[Site "Hastings, Queen's Hotel"]
[Date "1987.01.01"]
[Round "4"]
[White "Kudrin, Sergey"]
[Black "Chandler, Murray G"]
[Result "1/2-1/2"]
[WhiteElo "2495"]
[BlackElo "2565"]
[PlyCount "151"]
[EventDate "1986.12.29"]
[EventType "tourn"]
[EventRounds "13"]
[EventCountry "ENG"]
[EventCategory "10"]
[SourceTitle "Britbase"]

1. e4 c5 2. Nf3 d6 3. d4 cxd4 4. Nxd4 Nf6 5. Nc3 a6 6. a4 Nc6 7. Bc4 e6 8. O-O
Be7 9. Kh1 O-O 10. Be3 Qc7 11. Qe2 Bd7 12. f4 Rac8 13. Ba2 Na5 14. Rad1 Nc4 15.
Bc1 Rfe8 16. Rd3 Bf8 17. Bxc4 Qxc4 18. e5 Nd5 19. Ne4 f5 20. Nxd6 Bxd6 21. exd6
Qxa4 22. b3 Qa2 23. c4 Qxe2 24. Nxe2 Nf6 25. Bb2 b5 26. Rc1 Ne4 27. Kg1 bxc4
28. bxc4 Rc6 29. Nd4 Nc5 30. Rg3 Rxd6 31. Rxg7+ Kxg7 32. Nxf5+ Kg6 33. Nxd6 Nd3
34. Nxe8 Nxc1 35. Bxc1 Bxe8 36. Kf2 Kf5 37. Ke3 e5 38. fxe5 Kxe5 39. Bb2+ Kd6
40. Ba3+ Kc6 41. Kd4 a5 42. g4 Bd7 43. g5 Bg4 44. Ke5 Be2 45. c5 Bd3 46. h4 Bg6
47. Ke6 a4 48. Ke5 Bh5 49. Kf6 Kd7 50. Kg7 Bg6 51. h5 Bd3 52. Kf6 Bc2 53. Bb2
Kc6 54. Ba3 Kd7 55. g6 hxg6 56. hxg6 Ke8 57. Bb2 Bb1 58. Bc1 Bc2 59. Ba3 Bb1
60. Kg7 Bc2 61. Kh6 Bb3 62. Kh7 Bc2 63. Bb2 Bb1 64. Kh6 Ba2 65. Bf6 Bd5 66. g7
Kd7 67. Bb2 Bg8 68. Kg6 Kc6 69. Ba3 Kd7 70. Bb4 Kc6 71. Kf6 Kd7 72. Ke5 Bb3 73.
Ba3 Bg8 74. Kd4 Kc6 75. Kc3 Kb5 76. Kd4 1/2-1/2

[Event "Hastings Premier 1986/87 62nd"]
[Site "Hastings, Queen's Hotel"]
[Date "1987.01.01"]
[Round "4"]
[White "Large, Peter G"]
[Black "Plaskett, H James"]
[Result "1/2-1/2"]
[WhiteElo "2370"]
[BlackElo "2435"]
[PlyCount "97"]
[EventDate "1986.12.29"]
[EventType "tourn"]
[EventRounds "13"]
[EventCountry "ENG"]
[EventCategory "10"]
[SourceTitle "Britbase"]

1. e4 c5 2. Nf3 d6 3. d4 cxd4 4. Qxd4 Nc6 5. Bb5 Bd7 6. Bxc6 Bxc6 7. c4 Nf6 8.
Nc3 g6 9. O-O Bg7 10. Bd2 O-O 11. Qd3 Nd7 12. b4 b6 13. a3 Bb7 14. Rac1 Rc8 15.
Rfd1 f5 16. Ng5 fxe4 17. Ncxe4 Ne5 18. Qh3 h5 19. c5 bxc5 20. bxc5 Bxe4 21.
Nxe4 Qd7 22. Qxd7 Nxd7 23. cxd6 exd6 24. Nxd6 Rxc1 25. Rxc1 Bb2 26. Rc7 Nb6 27.
Ne4 Bxa3 28. Rxa7 Bb2 29. Ra6 Ra8 30. Rxa8+ Nxa8 31. Ba5 Bd4 32. Kf1 Bb6 33.
Bxb6 Nxb6 34. Ke2 Nd5 35. g3 Kf7 36. Kd3 Ke6 37. Kd4 Ne7 38. Nc5+ Kf5 39. h3 g5
40. Nd3 Nc6+ 41. Kd5 Ne7+ 42. Kd6 Ng8 43. Kd5 Nf6+ 44. Kd4 h4 45. g4+ Nxg4 46.
hxg4+ Kxg4 47. Ke3 Kh3 48. f3 Kg3 49. Nf2 1/2-1/2

[Event "Hastings Premier 1986/87 62nd"]
[Site "Hastings, Queen's Hotel"]
[Date "1987.01.01"]
[Round "4"]
[White "Larsen, Bent"]
[Black "Petursson, Margeir"]
[Result "1-0"]
[WhiteElo "2565"]
[BlackElo "2510"]
[PlyCount "69"]
[EventDate "1986.12.29"]
[EventType "tourn"]
[EventRounds "13"]
[EventCountry "ENG"]
[EventCategory "10"]
[SourceTitle "Britbase"]

1. c4 c6 2. Nc3 d5 3. d4 Nf6 4. e3 e6 5. Nf3 Nbd7 6. Bd3 dxc4 7. Bxc4 b5 8. Bb3
b4 9. Ne2 Ba6 10. O-O Bd6 11. Re1 c5 12. e4 Nxe4 13. Nf4 Bxf4 14. Bxf4 c4 15.
Ba4 Nef6 16. Bc6 O-O 17. Qa4 Qc8 18. Bxa8 Nb6 19. Qa5 Nxa8 20. Qxb4 Bb7 21. Ne5
Nd5 22. Qd2 Nab6 23. Bg3 f6 24. Nf3 Qc6 25. Qa5 Re8 26. Rac1 Nd7 27. Qa3 Kf7
28. Nd2 N5b6 29. Ne4 Nc8 30. f3 Ndb6 31. Qc5 Qd5 32. Nc3 Qc6 33. Qh5+ Kg8 34.
d5 Qd7 35. dxe6 1-0

[Event "Hastings Premier 1986/87 62nd"]
[Site "Hastings, Queen's Hotel"]
[Date "1987.01.01"]
[Round "4"]
[White "Lputian, Smbat"]
[Black "Conquest, Stuart"]
[Result "1-0"]
[WhiteElo "2520"]
[BlackElo "2430"]
[PlyCount "99"]
[EventDate "1986.12.29"]
[EventType "tourn"]
[EventRounds "13"]
[EventCountry "ENG"]
[EventCategory "10"]
[SourceTitle "Britbase"]

1. d4 d5 2. c4 c6 3. Nf3 Nf6 4. Nc3 e6 5. Bg5 h6 6. Bxf6 Qxf6 7. g3 Nd7 8. Bg2
Bb4 9. O-O O-O 10. e4 dxc4 11. e5 Qd8 12. a3 Be7 13. a4 Rb8 14. Nd2 b5 15. Bxc6
b4 16. Ne2 Ba6 17. Bb5 Bxb5 18. axb5 Rxb5 19. Nxc4 Nb6 20. Qd3 Qd7 21. Nxb6
Rxb6 22. Rfc1 b3 23. Rc3 Rfb8 24. h4 a5 25. Rc4 Bb4 26. Nf4 R6b7 27. d5 exd5
28. Nxd5 Qe6 29. Qe4 Rd8 30. Nf4 Qb6 31. Nd5 Qe6 32. Rd1 Rbd7 33. Rcd4 Bc5 34.
R4d3 a4 35. Qxa4 Qxe5 36. Qxb3 Qe2 37. Rf1 Kh8 38. Rdd1 Qg4 39. Rfe1 Ba7 40.
Kg2 Rb8 41. Qc2 Rd6 42. Re7 Rc8 43. Qd3 Rd7 44. Rde1 Rxe7 45. Rxe7 Qd4 46. Qf5
Rd8 47. Ne3 f6 48. b4 Bb6 49. Qe6 Rg8 50. Rd7 1-0

[Event "Hastings Premier 1986/87 62nd"]
[Site "Hastings, Queen's Hotel"]
[Date "1987.01.01"]
[Round "4"]
[White "Mestel, A Jonathan"]
[Black "Gufeld, Eduard"]
[Result "0-1"]
[WhiteElo "2505"]
[BlackElo "2480"]
[PlyCount "54"]
[EventDate "1986.12.29"]
[EventType "tourn"]
[EventRounds "13"]
[EventCountry "ENG"]
[EventCategory "10"]
[SourceTitle "Britbase"]

1. c4 g6 2. e4 Bg7 3. d4 d6 4. Nc3 Nf6 5. f3 O-O 6. Bg5 Nc6 7. Nge2 a6 8. Qd2
Rb8 9. h4 h5 10. O-O-O b5 11. Bh6 e5 12. Bxg7 Kxg7 13. dxe5 dxe5 14. Qg5 Qe7
15. Nd5 Nxd5 16. exd5 f6 17. Qd2 Rd8 18. g4 bxc4 19. Nc3 hxg4 20. Bxc4 Nd4 21.
fxg4 Bxg4 22. Rdf1 Rb4 23. h5 Rxc4 24. hxg6 Rxc3+ 25. Qxc3 Ne2+ 26. Kc2 Nxc3
27. Rh7+ Kxg6 0-1

[Event "Hastings Premier 1986/87 62nd"]
[Site "Hastings, Queen's Hotel"]
[Date "1987.01.03"]
[Round "5"]
[White "Chandler, Murray G"]
[Black "Lputian, Smbat"]
[Result "1/2-1/2"]
[WhiteElo "2565"]
[BlackElo "2520"]
[PlyCount "81"]
[EventDate "1986.12.29"]
[EventType "tourn"]
[EventRounds "13"]
[EventCountry "ENG"]
[EventCategory "10"]
[SourceTitle "Britbase"]

1. e4 e6 2. d4 d5 3. Nc3 Bb4 4. e5 c5 5. a3 Ba5 6. dxc5 Bxc3+ 7. bxc3 Ne7 8.
Nf3 Nd7 9. Bd3 Nxc5 10. O-O Qc7 11. a4 Bd7 12. Ba3 h6 13. Nd4 O-O 14. f4 Rfe8
15. Rf3 Rac8 16. Bxc5 Qxc5 17. Rg3 Kh8 18. Kh1 Qxc3 19. Nb5 Bxb5 20. Bxb5 Qb4
21. Rb1 Qxf4 22. Rf3 Qxe5 23. Bxe8 Rxe8 24. Rxb7 a5 25. Rxf7 Nf5 26. Rb1 Qe4
27. Qd3 Qxa4 28. Re1 Qb4 29. c3 Qh4 30. g3 Qh5 31. Ra7 Rb8 32. Rg1 Qh3 33. Qe2
Rc8 34. g4 Nh4 35. Rxa5 Rxc3 36. Raa1 e5 37. Raf1 e4 38. Qa6 Rc2 39. Rf8+ Kh7
40. Qd6 Nf3 41. Rh8+ 1/2-1/2

[Event "Hastings Premier 1986/87 62nd"]
[Site "Hastings, Queen's Hotel"]
[Date "1987.01.03"]
[Round "5"]
[White "Gufeld, Eduard"]
[Black "Kudrin, Sergey"]
[Result "1/2-1/2"]
[WhiteElo "2480"]
[BlackElo "2495"]
[PlyCount "94"]
[EventDate "1986.12.29"]
[EventType "tourn"]
[EventRounds "13"]
[EventCountry "ENG"]
[EventCategory "10"]
[SourceTitle "Britbase"]

1. e4 c5 2. Nf3 d6 3. d4 cxd4 4. Nxd4 Nf6 5. Nc3 g6 6. Be3 Bg7 7. f3 Nc6 8. Qd2
O-O 9. O-O-O d5 10. exd5 Nxd5 11. Nxc6 bxc6 12. Bd4 e5 13. Bc5 Re8 14. Nxd5
cxd5 15. Qxd5 Qxd5 16. Rxd5 Be6 17. Rd6 Bxa2 18. b3 Rec8 19. Rd5 a5 20. Kb2 a4
21. Kxa2 axb3+ 22. Kxb3 Ra5 23. Bc4 Raxc5 24. Rxc5 Rxc5 25. Ra1 Rc7 26. Ra8+
Bf8 27. Bd5 Kg7 28. c4 f5 29. Re8 Be7 30. Rb8 Bd6 31. Rb6 Bc5 32. Re6 Re7 33.
Rxe7+ Bxe7 34. Ka4 Bd6 35. g3 e4 36. fxe4 fxe4 37. Bxe4 h5 38. Kb5 h4 39. c5
Be5 40. gxh4 Bxh2 41. c6 Kh6 42. Bf3 g5 43. h5 g4 44. Bxg4 Kg7 45. Ka6 Kh8 46.
Kb7 Kg7 47. c7 Bxc7 1/2-1/2

[Event "Hastings Premier 1986/87 62nd"]
[Site "Hastings, Queen's Hotel"]
[Date "1987.01.03"]
[Round "5"]
[White "Petursson, Margeir"]
[Black "Large, Peter G"]
[Result "1-0"]
[WhiteElo "2510"]
[BlackElo "2370"]
[PlyCount "117"]
[EventDate "1986.12.29"]
[EventType "tourn"]
[EventRounds "13"]
[EventCountry "ENG"]
[EventCategory "10"]
[SourceTitle "Britbase"]

1. d4 Nf6 2. c4 e6 3. Nf3 d5 4. Nc3 Be7 5. Bg5 h6 6. Bxf6 Bxf6 7. e3 O-O 8. Rc1
c6 9. Bd3 Nd7 10. O-O Be7 11. Qe2 a6 12. e4 dxc4 13. Bxc4 b5 14. Bb3 c5 15.
Rfd1 Qb6 16. e5 Bb7 17. d5 c4 18. Bc2 exd5 19. Nxd5 Bxd5 20. Rxd5 Nc5 21. Nd4
Rad8 22. Nf5 Bg5 23. Rcd1 Rxd5 24. Rxd5 Rd8 25. Rd6 Rxd6 26. exd6 Ne6 27. Qe4
g6 28. Ne7+ Kg7 29. Qe5+ Bf6 30. Qxf6+ Kxf6 31. Nd5+ Ke5 32. Nxb6 Kxd6 33. a4
Nd4 34. Bd1 Kc5 35. Nd7+ Kd6 36. Nf6 b4 37. f3 Ke5 38. Ne4 Kd5 39. Kf2 f5 40.
Nf6+ Ke5 41. Nd7+ Kd6 42. Ke3 Nc6 43. Nf8 g5 44. h4 f4+ 45. Ke4 b3 46. hxg5
hxg5 47. Be2 Kc5 48. Nd7+ Kb4 49. Nb6 Na5 50. Nd5+ Kc5 51. Nc3 Nc6 52. Kf5 Nb4
53. Kxg5 Na2 54. Nd1 Nc1 55. Bf1 Kd4 56. Kxf4 Nd3+ 57. Bxd3 Kxd3 58. Ke5 Kc2
59. Nc3 1-0

[Event "Hastings Premier 1986/87 62nd"]
[Site "Hastings, Queen's Hotel"]
[Date "1987.01.04"]
[Round "6"]
[White "Kudrin, Sergey"]
[Black "Lputian, Smbat"]
[Result "1/2-1/2"]
[WhiteElo "2495"]
[BlackElo "2520"]
[PlyCount "30"]
[EventDate "1986.12.29"]
[EventType "tourn"]
[EventRounds "13"]
[EventCountry "ENG"]
[EventCategory "10"]
[SourceTitle "Britbase"]

1. e4 e6 2. d4 d5 3. Nd2 c5 4. exd5 exd5 5. Ngf3 Nc6 6. Bb5 Bd6 7. dxc5 Bxc5 8.
O-O Nge7 9. Nb3 Bd6 10. Bg5 O-O 11. Re1 Bg4 12. Be2 h6 13. Bxe7 Bxe7 14. h3 Be6
15. c3 Qb6 1/2-1/2

[Event "Hastings Premier 1986/87 62nd"]
[Site "Hastings, Queen's Hotel"]
[Date "1987.01.04"]
[Round "6"]
[White "Mestel, A Jonathan"]
[Black "Hodgson, Julian"]
[Result "1-0"]
[WhiteElo "2505"]
[BlackElo "2500"]
[PlyCount "122"]
[EventDate "1986.12.29"]
[EventType "tourn"]
[EventRounds "13"]
[EventCountry "ENG"]
[EventCategory "10"]
[SourceTitle "Britbase"]

1. e4 c5 2. Nf3 e6 3. d4 cxd4 4. Nxd4 Nf6 5. Nc3 Bb4 6. e5 Nd5 7. Qg4 O-O 8.
Bh6 g6 9. Bxf8 Qxf8 10. Qg3 Qc5 11. Nde2 Nc6 12. O-O-O Nxc3 13. Nxc3 Qxe5 14.
Qxe5 Nxe5 15. Be2 d5 16. Nb5 Bd7 17. Nd4 Rc8 18. f4 Nc4 19. Bxc4 Rxc4 20. c3
Bd6 21. g3 h5 22. Rhe1 Kg7 23. Kc2 Rc8 24. b3 b5 25. Kd3 a5 26. a4 b4 27. c4
dxc4+ 28. bxc4 Be7 29. Re5 Bc5 30. Ra1 Bb6 31. Nb3 f6 32. Rb5 Bxb5 33. axb5
Rd8+ 34. Ke2 Rc8 35. c5 Bxc5 36. Rc1 a4 37. Nxc5 b3 38. Nxb3 axb3 39. Rb1 h4
40. Rxb3 hxg3 41. hxg3 g5 42. fxg5 f5 43. Re3 Kf7 44. Kf3 Rb8 45. Re5 Ke7 46.
g4 fxg4+ 47. Kxg4 Kd6 48. Re3 Rxb5 49. g6 e5 50. g7 Rb8 51. Kf5 Re8 52. Kf6
Re6+ 53. Kf7 Re7+ 54. Kf8 Ra7 55. Rd3+ Kc5 56. Rd8 Rxg7 57. Kxg7 e4 58. Kf6 e3
59. Kf5 Kc4 60. Kf4 e2 61. Rf8 Kc3 1-0

[Event "Hastings Premier 1986/87 62nd"]
[Site "Hastings, Queen's Hotel"]
[Date "1987.01.05"]
[Round "7"]
[White "Chandler, Murray G"]
[Black "Large, Peter G"]
[Result "1-0"]
[WhiteElo "2565"]
[BlackElo "2370"]
[PlyCount "83"]
[EventDate "1986.12.29"]
[EventType "tourn"]
[EventRounds "13"]
[EventCountry "ENG"]
[EventCategory "10"]
[SourceTitle "Britbase"]

1. e4 e5 2. Nf3 d6 3. Bc4 Be6 4. Bxe6 fxe6 5. d4 exd4 6. Nxd4 e5 7. Ne6 Qe7 8.
Qh5+ g6 9. Qh3 Na6 10. Nc3 Qd7 11. f4 exf4 12. Bxf4 Nf6 13. O-O Nh5 14. Bg5 Nc5
15. Nxc5 Qxh3 16. gxh3 dxc5 17. Nd5 Kd7 18. Rf7+ Ke6 19. Raf1 Bd6 20. Nxc7+
Bxc7 21. Rxc7 h6 22. Be3 b6 23. Rc6+ Ke5 24. Bd2 Kxe4 25. Rxg6 Raf8 26. Rg4+
Kd5 27. Rxf8 Rxf8 28. Bxh6 Rf5 29. Rg5 Rxg5+ 30. Bxg5 Ke4 31. Kf2 c4 32. Ke2 b5
33. Kd2 a5 34. a4 bxa4 35. Bd8 Nf4 36. Bxa5 Nd5 37. Kc1 Kd4 38. h4 Nf4 39. Bc7
Nd5 40. h5 Nf6 41. h6 Nh7 42. Bb6+ 1-0

[Event "Hastings Premier 1986/87 62nd"]
[Site "Hastings, Queen's Hotel"]
[Date "1987.01.05"]
[Round "7"]
[White "Lputian, Smbat"]
[Black "Larsen, Bent"]
[Result "1/2-1/2"]
[WhiteElo "2520"]
[BlackElo "2565"]
[PlyCount "76"]
[EventDate "1986.12.29"]
[EventType "tourn"]
[EventRounds "13"]
[EventCountry "ENG"]
[EventCategory "10"]
[SourceTitle "Britbase"]

1. d4 Nf6 2. c4 e6 3. Nf3 Bb4+ 4. Nbd2 O-O 5. a3 Bxd2+ 6. Bxd2 d6 7. Bg5 Nbd7
8. e3 e5 9. Be2 b6 10. O-O a5 11. Qc2 Bb7 12. dxe5 dxe5 13. Rfd1 Qe8 14. Bxf6
Nxf6 15. c5 Qe7 16. c6 Bc8 17. h3 e4 18. Nd4 Rd8 19. Bc4 g6 20. Rd2 Ba6 21.
Bxa6 Rxa6 22. Rad1 Raa8 23. Nb5 Rxd2 24. Qxd2 h5 25. b4 Kg7 26. bxa5 Rxa5 27.
Qb2 Kh7 28. Nxc7 Qxc7 29. Qxf6 Rc5 30. Qh4 Qxc6 31. Qe7 Rf5 32. Rd8 Qc1+ 33.
Kh2 Qb2 34. Rf8 Kg7 35. Rb8 Rxf2 36. Qxe4 Kh7 37. a4 Rf5 38. Rb7 Kg7 1/2-1/2

[Event "Hastings Premier 1986/87 62nd"]
[Site "Hastings, Queen's Hotel"]
[Date "1987.01.05"]
[Round "7"]
[White "Plaskett, H James"]
[Black "Mestel, A Jonathan"]
[Result "1-0"]
[WhiteElo "2435"]
[BlackElo "2505"]
[PlyCount "63"]
[EventDate "1986.12.29"]
[EventType "tourn"]
[EventRounds "13"]
[EventCountry "ENG"]
[EventCategory "10"]
[SourceTitle "Britbase"]

1. e4 c5 2. c3 e6 3. d4 d5 4. e5 Nc6 5. Nf3 Nge7 6. Na3 Nf5 7. Nc2 cxd4 8. cxd4
Be7 9. Bd3 Qb6 10. g4 Nh4 11. Nxh4 Bxh4 12. O-O Be7 13. Be3 Bd7 14. b4 a5 15.
bxa5 Nxa5 16. f4 Rc8 17. Rb1 Qa7 18. f5 Nc4 19. Bf2 Qxa2 20. Qe2 Qa7 21. f6
gxf6 22. Bxc4 Rxc4 23. Ne3 Ra4 24. Nxd5 Ra2 25. Nc7+ Kd8 26. Rb2 Rxb2 27. Qxb2
Kxc7 28. d5 Bc5 29. Rc1 b6 30. d6+ Kd8 31. Bxc5 Qa4 32. Qxb6+ 1-0

[Event "Hastings Premier 1986/87 62nd"]
[Site "Hastings, Queen's Hotel"]
[Date "1987.01.06"]
[Round "8"]
[White "Gufeld, Eduard"]
[Black "Plaskett, H James"]
[Result "1-0"]
[WhiteElo "2480"]
[BlackElo "2435"]
[PlyCount "51"]
[EventDate "1986.12.29"]
[EventType "tourn"]
[EventRounds "13"]
[EventCountry "ENG"]
[EventCategory "10"]
[SourceTitle "Britbase"]

1. e4 c5 2. Nf3 e6 3. d4 cxd4 4. Nxd4 Nc6 5. Nb5 Bc5 6. Bf4 Qf6 7. Qc1 Kf8 8.
N1c3 Nge7 9. Be3 b6 10. Qd2 Bxe3 11. Qxe3 d5 12. O-O-O a6 13. exd5 exd5 14. Nc7
d4 15. Rxd4 Nxd4 16. Nxa8 Bb7 17. Nc7 b5 18. Bd3 Qd6 19. Rd1 Nxc2 20. Bxc2 Qxc7
21. Qc5 Qf4+ 22. Kb1 Bc6 23. Rd8+ Be8 24. Nd5 Qe5 25. Rxe8+ Kxe8 26. Nc7+ 1-0

[Event "Hastings Premier 1986/87 62nd"]
[Site "Hastings, Queen's Hotel"]
[Date "1987.01.06"]
[Round "8"]
[White "Large, Peter G"]
[Black "Lputian, Smbat"]
[Result "1-0"]
[WhiteElo "2370"]
[BlackElo "2520"]
[PlyCount "61"]
[EventDate "1986.12.29"]
[EventType "tourn"]
[EventRounds "13"]
[EventCountry "ENG"]
[EventCategory "10"]
[SourceTitle "Britbase"]

1. e4 e6 2. d4 d5 3. exd5 exd5 4. Nf3 Bd6 5. Bd3 Ne7 6. c4 dxc4 7. Bxc4 O-O 8.
O-O Bg4 9. Nc3 Nf5 10. Be2 Re8 11. h3 Bxf3 12. Bxf3 Nc6 13. d5 Ncd4 14. Be4 Qf6
15. Qd3 h5 16. Bd2 Rad8 17. Rfe1 h4 18. Bxf5 Nxf5 19. Ne4 Qd4 20. Qf3 Re5 21.
Bc3 Qxd5 22. Rad1 Be7 23. Rxd5 Rexd5 24. Nd2 Bc5 25. Re8+ Rxe8 26. Qxd5 Re1+
27. Nf1 Bxf2+ 28. Kxf2 Rxf1+ 29. Ke2 Ng3+ 30. Kd2 Rf2+ 31. Kd3 1-0

[Event "Hastings Premier 1986/87 62nd"]
[Site "Hastings, Queen's Hotel"]
[Date "1987.01.06"]
[Round "8"]
[White "Mestel, A Jonathan"]
[Black "Petursson, Margeir"]
[Result "1/2-1/2"]
[WhiteElo "2505"]
[BlackElo "2510"]
[PlyCount "89"]
[EventDate "1986.12.29"]
[EventType "tourn"]
[EventRounds "13"]
[EventCountry "ENG"]
[EventCategory "10"]
[SourceTitle "Britbase"]

1. e4 c5 2. Nf3 Nc6 3. d4 cxd4 4. Nxd4 g6 5. c4 Bg7 6. Be3 Nf6 7. Nc3 O-O 8.
Be2 d6 9. O-O Bd7 10. Qd2 Nxd4 11. Bxd4 Bc6 12. f3 a5 13. b3 Nd7 14. Be3 Nc5
15. Rab1 Qb6 16. Nd5 Bxd5 17. exd5 Qb4 18. Qc1 Qc3 19. Qxc3 Bxc3 20. a3 Rfc8
21. Rfc1 Bf6 22. Rc2 h5 23. b4 Na4 24. Rb3 b6 25. Kf1 Rc7 26. f4 Rac8 27. g3
Kf8 28. h3 Kg7 29. Kg2 Kf8 30. Kf3 Kg7 31. Bf1 axb4 32. axb4 b5 33. Ra3 Nb2 34.
c5 dxc5 35. Rxc5 Nd1 36. Rxc7 Rxc7 37. Bc5 Nc3 38. Ra6 Nxd5 39. Bxb5 Bc3 40.
Ra4 Bxb4 41. Bxb4 Rb7 42. Bxe7 Rxb5 43. Bd6 Rb3+ 44. Kg2 Kf6 45. Ra3 1/2-1/2